Smartfón ako prostriedok pre autentifikáciu

Gespeichert in:
Bibliographische Detailangaben
1. Verfasser: Hauskrecht, Martin (Verfasst von)
Weitere Verfasser: Bernát, Dušan (Betreuung Doktorarbeit)
Format: Manuskript Buch
Sprache:Slowakisch
Veröffentlicht: 2019
Schlagworte:
Online-Zugang:http://is.stuba.sk/zp/portal_zp.pl?podrobnosti=145474
Tags: Tag hinzufügen
Keine Tags, Fügen Sie das erste Tag hinzu!

MARC

LEADER 00000ntm a22000003a 4500
001 stuzp74961
003 SK-STU
005 20190622212607.0
007 ta
008 150427s2015----xo-----f-mn---000-0-slo-d
040 |a STU  |b slo 
041 0 |a slo 
100 1 |a Hauskrecht, Martin  |u 070400  |k Z8  |4 aut  |U FIIT Fakulta informatiky a informačných technológií  |T FIIT Ústav počítačového inžinierstva a aplikovanej informatiky  |X 73898  |U I400  |Y 672  |7 73898 
242 0 1 |a Smartphone as a means of authentication  |y eng 
245 1 0 |a Smartfón ako prostriedok pre autentifikáciu 
260 |c 2019 
650 4 |a android  |2 slo 
650 4 |a nfc  |2 slo 
650 4 |a autentifikacia  |2 slo 
650 4 |a nfc  |2 eng 
650 4 |a android  |2 eng 
650 4 |a authentication  |2 eng 
700 1 |a Bernát, Dušan  |u 070400  |k Z1  |4 ths  |U FIIT Fakulta informatiky a informačných technológií  |T FIIT Ústav počítačového inžinierstva a aplikovanej informatiky  |X 1887  |U I400  |Y 672  |7 1887 
856 4 |u http://is.stuba.sk/zp/portal_zp.pl?podrobnosti=145474 
996 |c I*DP14/19  |l II680  |s P  |a 0  |w stuzp74961_0001